000 01496nam2a22002771 4500
001 v19\rc\1788942
005 20250619075513.0
035 _a(NLR Aleph) 004880964
090 _a5169559
_c5169559
100 _a20061204d1905 |||y0rusy50 ca
101 0 _arus
102 _aRU
105 _aa z |||||
200 1 _aНасекомые, вредящие плодовым деревьям
_eС 7 раскр. табл. и 19 рис. в тексте
_f[Предисл. И. Порчинский]
215 _a53, [2] с., VII л. табл., ил.
225 1 _a...
_vТ. 6, № 4
461 0 _1001v19\rc\1788941
_12001#$aИзображение и краткое описание главнейших насекомых, вредящих плодовым садам$fИ. Васильев. Ч. 1-$vЧ. 1
_1700#1$aВасильев$bИ. В.$cэнтомолог$f1871-1965$gИван Васильевич$3RU\NLR\AUTH\770269452
_95169553
_aВасильев, И. В. (энтомолог ; 1871-1965)
_cСанкт-Петербург
_d1905
_fИ. Васильев. Ч. 1-
_nтип. М. Меркушева
_p1 т.
_tИзображение и краткое описание главнейших насекомых, вредящих плодовым садам
_vЧ. 1
801 0 _aRU
_bNLR
_gpsbo
801 0 _aRU
_bRuMoRGB
_2psbo
801 1 _aRU
_bProSoft-M
_2rusmarc
852 _aNLR
_j38.47.7.55(Т.6 №4)
899 _aRuMoRGB
_jA 191/248
899 _aНБ МГУ
942 _cBOOK
980 _aNB